| 000 | 00600nam a22001937a 4500 | ||
|---|---|---|---|
| 999 |
_c159638 _d159638 |
||
| 005 | 20181227121404.0 | ||
| 010 | _aENG-124602 | ||
| 020 |
_a9789386300959 _c400.00 |
||
| 035 | _aEN-108134 | ||
| 037 | _bDBAD/PUB | ||
| 082 | _a954.09 | ||
| 100 | _aPandya, Anand Shankar | ||
| 245 |
_aIndia's vision for global prosperity/ _cby Anand Shankar Pandya; ed. by Pramod Kumar |
||
| 260 |
_aNew Delhi _bPrabhat Prakashan _c2017 |
||
| 270 |
_a4/19, Asaf Ali Road, _bNew Delhi _e110002 |
||
| 300 |
_a336p. _c21cm.(Hb) _bill. |
||
| 700 | _aPramod Kumar | ||
| 942 |
_2ddc _cEN _mPAN _h954.09 |
||